[Event "EU-Cup 39th"]
[Site "Vrnjacka Banja"]
[Date "2024.10.20"]
[Round "1.2"]
[White "Gulbas, Cemil"]
[Black "Steinberg, Nitzan"]
[Result "0-1"]
[WhiteElo "2340"]
[BlackElo "2554"]
[PlyCount "84"]
[EventDate "2024.10.20"]
[EventType "team-swiss"]
[EventRounds "7"]
[EventCountry "SRB"]
[SourceTitle "CB44_2024"]
[Source "Chessbase"]
[SourceDate "2024.10.30"]
[SourceVersion "1"]
[SourceVersionDate "2024.10.30"]
[SourceQuality "1"]
[WhiteTeam "D Ans Loncin"]
[BlackTeam "Beer Sheva"]
[WhiteTeamCountry "BEL"]
[BlackTeamCountry "ISR"]

1. e4 c5 2. Nf3 d6 3. d4 cxd4 4. Nxd4 Nf6 5. Nc3 a6 6. Be2 e5 7. Nb3 Be7 8. Be3 Be6 9. Nd5 Nbd7 10. Qd3 Bxd5 11. exd5 Rc8 12. c4 0-0 13. 0-0 Re8 14. Rfd1 Bf8 15. Rac1 g6 16. Nd2 a5 17. b3 h5 18. h3 Nh7 19. a3 f5 20. f3 Nhf6 21. Qb1 Kh7 22. b4 Bh6 23. Bxh6 Kxh6 24. Qb3 Kg7 25. Kh1 axb4 26. axb4 h4 27. c5 dxc5 28. Bb5 Rf8 29. Nc4 Qe7 30. bxc5 Rxc5 31. Na5 Rxc1 32. Rxc1 Nb6 33. Bc6 bxc6 34. Qxb6 Nxd5 35. Qxc6 Nf4 36. Qb5 Kh6 37. Qb2 Qg5 38. Rd1 Rc8 39. Nb7 Rb8 40. Rd7 Rc8 41. Rd1 Rb8 42. Rd7 Qg3 0-1

[Event "TUR-chT 1st League"]
[Site "Denizli"]
[Date "2024.07.20"]
[Round "8.10"]
[White "Altinsoy, Mehmet Nuri"]
[Black "Gulbas, Cemil"]
[Result "0-1"]
[WhiteElo "1852"]
[BlackElo "2359"]
[PlyCount "43"]
[EventDate "2024.07.15"]
[EventType "team-swiss"]
[EventRounds "9"]
[EventCountry "TUR"]
[SourceTitle "EXT 2025"]
[Source "ChessBase"]
[SourceDate "2024.10.14"]
[SourceVersion "1"]
[SourceVersionDate "2024.10.14"]
[SourceQuality "1"]
[WhiteTeam "Varyant Genclik"]
[BlackTeam "Yildiz"]
[WhiteTeamCountry "TUR"]
[BlackTeamCountry "TUR"]

1. d4 Nf6 2. Bg5 e6 3. e4 c5 4. Nc3 cxd4 5. Qxd4 Nc6 6. Qd2 Bb4 7. Bd3 h6 8. Bxf6 Qxf6 9. Nge2 Qg5 10. Qxg5 hxg5 11. a3 Ba5 12. 0-0-0 a6 13. h3 d6 14. Bc4 Bb6 15. f3 Ke7 16. Kb1 Bd7 17. Bb3 Bc5 18. Rd2 b5 19. Rhd1 Rhd8 20. Nc1 Be8 21. Nd3 Be3 22. Re2 0-1

[Event "TUR-chT 1st League"]
[Site "Denizli"]
[Date "2024.07.18"]
[Round "5.10"]
[White "Aydin, Ayhan Kaan"]
[Black "Gulbas, Cemil"]
[Result "0-1"]
[WhiteElo "1929"]
[BlackElo "2359"]
[PlyCount "74"]
[EventDate "2024.07.15"]
[EventType "team-swiss"]
[EventRounds "9"]
[EventCountry "TUR"]
[SourceTitle "EXT 2025"]
[Source "ChessBase"]
[SourceDate "2024.10.14"]
[SourceVersion "1"]
[SourceVersionDate "2024.10.14"]
[SourceQuality "1"]
[WhiteTeam "Besiktas Jimnastik"]
[BlackTeam "Yildiz"]
[WhiteTeamCountry "TUR"]
[BlackTeamCountry "TUR"]

1. e4 e6 2. d4 d5 3. Nc3 Bb4 4. e5 Ne7 5. Qg4 Ng6 6. Nf3 b6 7. Bd2 Ba6 8. 0-0-0 Bxf1 9. Rhxf1 Nc6 10. Ng5 Qd7 11. Ne2 h6 12. Nh3 Bxd2+ 13. Rxd2 0-0-0 14. f4 Nge7 15. Qf3 f6 16. Qd3 Rdf8 17. Qa6+ Kb8 18. Rf3 fxe5 19. dxe5 Nb4 20. Qa3 c5 21. Nf2 Qb7 22. Kb1 Nbc6 23. Nd3 Ka8 24. b3 g5 25. Rh3 g4 26. Rh4 h5 27. Ng3 d4 28. Rxh5 Nd5 29. Qc1 Nc3+ 30. Kb2 Qa6 31. a3 c4 32. Nb4 Nxb4 33. Rxd4 Nb5 34. Qa1 Nxd4 35. axb4 c3+ 36. Kb1 Qxa1+ 37. Kxa1 Rxh5 0-1

[Event "BEL-chT 2324"]
[Site "Belgium"]
[Date "2024.02.04"]
[Round "7.6"]
[White "Bolzoni, Victor Angel"]
[Black "Gulbas, Cemil"]
[Result "1/2-1/2"]
[WhiteElo "2177"]
[BlackElo "2347"]
[PlyCount "76"]
[EventDate "2023.09.24"]
[EventType "team-tourn"]
[EventRounds "11"]
[EventCountry "BEL"]
[SourceTitle "EXT 2025"]
[Source "ChessBase"]
[SourceDate "2024.10.14"]
[SourceVersion "1"]
[SourceVersionDate "2024.10.14"]
[SourceQuality "1"]
[WhiteTeam "Namur"]
[BlackTeam "Tal"]
[WhiteTeamCountry "BEL"]
[BlackTeamCountry "BEL"]

1. e4 e6 2. d4 d5 3. Nc3 Bb4 4. exd5 exd5 5. Nf3 Nc6 6. Be2 Nge7 7. a3 Bxc3+ 8. bxc3 0-0 9. h3 Nf5 10. Bf4 Nd6 11. Bxd6 Qxd6 12. 0-0 Bf5 13. c4 dxc4 14. Bxc4 Rad8 15. c3 Na5 16. Bd3 Bxd3 17. Qxd3 Qg6 18. Qb5 Qb6 19. Qd3 Qg6 20. Qb5 b6 21. c4 Qd3 22. a4 c6 23. Qa6 Ra8 24. Rfc1 Rfe8 25. Re1 Rxe1+ 26. Rxe1 f6 27. d5 Qxc4 28. Qxc4 Nxc4 29. dxc6 Rc8 30. Re7 Rxc6 31. Rxa7 Rd6 32. Rc7 Nb2 33. Ra7 Rd1+ 34. Kh2 Ra1 35. Ra8+ Kf7 36. Ra7+ Kg8 37. Ra8+ Kf7 38. Ra7+ Kg8 1/2-1/2

[Event "BEL-chT 2324"]
[Site "Belgium"]
[Date "2023.10.15"]
[Round "2.5"]
[White "Coenen, Michael"]
[Black "Gulbas, Cemil"]
[Result "1-0"]
[WhiteElo "2326"]
[BlackElo "2347"]
[PlyCount "133"]
[EventDate "2023.09.24"]
[EventType "team-tourn"]
[EventRounds "11"]
[EventCountry "BEL"]
[SourceTitle "EXT 2025"]
[Source "ChessBase"]
[SourceDate "2024.10.14"]
[SourceVersion "1"]
[SourceVersionDate "2024.10.14"]
[SourceQuality "1"]
[WhiteTeam "KSK Rochade"]
[BlackTeam "Tal"]
[WhiteTeamCountry "BEL"]
[BlackTeamCountry "BEL"]

1. d4 d5 2. c4 c6 3. Nf3 Nf6 4. Nc3 a6 5. e3 Bg4 6. cxd5 cxd5 7. Qb3 Bc8 8. Bd2 e6 9. Rc1 b5 10. Bd3 Nbd7 11. Bxb5 Rb8 12. Bxd7+ Bxd7 13. Qc2 Bd6 14. 0-0 0-0 15. Rb1 Qc7 16. Rfc1 Rfc8 17. Qd3 Qb7 18. Qe2 a5 19. Ne5 Be8 20. Qd1 Bxe5 21. dxe5 Nd7 22. Ne2 Nxe5 23. Rxc8 Qxc8 24. Bxa5 Ra8 25. Bc3 Ng6 26. a3 f6 27. Rc1 Qa6 28. Ng3 Qb7 29. Bb4 Ne5 30. f4 Nc4 31. Qd4 e5 32. fxe5 fxe5 33. Qc5 Bg6 34. b3 Rc8 35. Qe7 Qb6 36. Kh1 Re8 37. Qd7 Rd8 38. Qe7 Re8 39. Qc5 Qxc5 40. Bxc5 Nd2 41. b4 d4 42. h4 Nb3 43. Re1 d3 44. e4 d2 45. Rd1 Ra8 46. Bd6 Rc8 47. Bc5 Be8 48. Nf5 Rd8 49. Bb6 Rd3 50. Ne3 Ba4 51. Nc4 Bb5 52. Nxd2 Nxd2 53. Rc1 Nxe4 54. Rc8+ Kf7 55. Ra8 Rd2 56. Ra7+ Kf6 57. a4 Bc6 58. b5 Ng3+ 59. Kh2 Nf1+ 60. Kg1 Bxg2 61. Bf2 Bh3 62. b6 Rb2 63. b7 Nd2 64. Kh2 Ne4 65. Ra6+ Be6 66. Rb6 Rxf2+ 67. Kg1 1-0

[Event "TUR-chT 2nd League"]
[Site "Denizli"]
[Date "2023.07.15"]
[Round "9.23"]
[White "Apaydin, Fethi"]
[Black "Gulbas, Cemil"]
[Result "0-1"]
[WhiteElo "2222"]
[BlackElo "2364"]
[PlyCount "112"]
[EventDate "2023.07.09"]
[EventType "team-swiss"]
[EventRounds "9"]
[EventCountry "TUR"]
[SourceTitle "CBM 215 Extra"]
[Source "ChessBase"]
[SourceDate "2023.09.30"]
[SourceVersion "1"]
[SourceVersionDate "2023.09.30"]
[SourceQuality "1"]
[WhiteTeam "Izmir Apaydin"]
[BlackTeam "Yildiz"]
[WhiteTeamCountry "TUR"]
[BlackTeamCountry "TUR"]

1. e4 e6 2. d4 d5 3. Nd2 Nf6 4. e5 Nfd7 5. f4 c5 6. c3 Nc6 7. Ndf3 Qb6 8. g3 Be7 9. Kf2 a5 10. Kg2 a4 11. Nh3 a3 12. b3 cxd4 13. cxd4 Nb4 14. Bd2 Nb8 15. Bxb4 Qxb4 16. Bd3 Bd7 17. Rc1 Nc6 18. Bb1 h6 19. Nf2 Qa5 20. Nd3 b6 21. g4 0-0-0 22. b4 Bxb4 23. Nxb4 Qxb4 24. Bd3 Kb7 25. Rb1 Qa5 26. Rb5 Qa7 27. Rb3 Rc8 28. Qa1 Rc7 29. Rhb1 Ra8 30. Qc3 Kc8 31. Rxb6 Qa5 32. Qb3 Kd8 33. Kf2 Ne7 34. Ke3 Rc3 35. Rb8+ Rxb8 36. Qxb8+ Nc8 37. Qb4 Qxb4 38. Rxb4 Rc1 39. Rb3 Ba4 40. Rb1 Rxb1 41. Bxb1 Kc7 42. Kd2 Kb6 43. g5 Ka5 44. Kc3 Na7 45. Nd2 Nb5+ 46. Kd3 Kb4 47. h4 h5 48. g6 fxg6 49. Nf3 Nc3 50. Nd2 Bd1 51. Ke3 Nxb1 52. Nxb1 Bc2 53. Nd2 Kc3 54. Nf3 Bb1 55. Ng5 Bxa2 56. Nxe6 Bc4 0-1

[Event "TUR-chT 2nd League"]
[Site "Denizli"]
[Date "2023.07.12"]
[Round "6.13"]
[White "Gulbas, Cemil"]
[Black "Erden, Kadir"]
[Result "1/2-1/2"]
[WhiteElo "2364"]
[BlackElo "2234"]
[PlyCount "100"]
[EventDate "2023.07.09"]
[EventType "team-swiss"]
[EventRounds "9"]
[EventCountry "TUR"]
[SourceTitle "CBM 215 Extra"]
[Source "ChessBase"]
[SourceDate "2023.09.30"]
[SourceVersion "1"]
[SourceVersionDate "2023.09.30"]
[SourceQuality "1"]
[WhiteTeam "Yildiz"]
[BlackTeam "Canakkale Apaydin"]
[WhiteTeamCountry "TUR"]
[BlackTeamCountry "TUR"]

1. e4 c5 2. Nf3 d6 3. d4 cxd4 4. Nxd4 Nf6 5. Nc3 a6 6. Be3 e6 7. f3 b5 8. Qd2 b4 9. Nce2 e5 10. Nb3 Nc6 11. g4 h6 12. 0-0-0 a5 13. Kb1 a4 14. Nbc1 Be6 15. Ng3 Qa5 16. h4 d5 17. g5 hxg5 18. hxg5 Rxh1 19. Nxh1 d4 20. Bg1 Nh5 21. Nf2 g6 22. Bh2 Bd6 23. Bh3 Bxh3 24. Nxh3 a3 25. b3 Na7 26. Ne2 Nb5 27. f4 exf4 28. Nhxf4 Bxf4 29. Bxf4 Rd8 30. Bh2 Ng7 31. Be5 Ne6 32. Bf6 Rc8 33. Rh1 Qb6 34. Ka1 Qc5 35. Qd3 Rc6 36. Kb1 Nc3+ 37. Nxc3 Qxc3 38. Qxc3 Rxc3 39. Kc1 Re3 40. Kd2 Rxe4 41. Rh8+ Kd7 42. Rb8 Rg4 43. Rxb4 Nxg5 44. Rxd4+ Rxd4+ 45. Bxd4 Nf3+ 46. Ke3 Nxd4 47. Kxd4 g5 48. b4 g4 49. Ke4 f5+ 50. Kf4 Kc6 1/2-1/2

[Event "TUR-chT 2nd League"]
[Site "Denizli"]
[Date "2023.07.11"]
[Round "4.13"]
[White "Kilic, Efe Mert"]
[Black "Gulbas, Cemil"]
[Result "1/2-1/2"]
[WhiteElo "2190"]
[BlackElo "2364"]
[PlyCount "79"]
[EventDate "2023.07.09"]
[EventType "team-swiss"]
[EventRounds "9"]
[EventCountry "TUR"]
[SourceTitle "CBM 215 Extra"]
[Source "ChessBase"]
[SourceDate "2023.09.30"]
[SourceVersion "1"]
[SourceVersionDate "2023.09.30"]
[SourceQuality "1"]
[WhiteTeam "Galva Metal"]
[BlackTeam "Yildiz"]
[WhiteTeamCountry "TUR"]
[BlackTeamCountry "TUR"]

1. Nf3 d5 2. c4 c6 3. e3 Nf6 4. Nc3 Nbd7 5. Qc2 a6 6. d4 e6 7. Bd3 Bd6 8. 0-0 0-0 9. e4 dxc4 10. Bxc4 e5 11. Be2 Qe7 12. Rd1 Re8 13. d5 cxd5 14. Nxd5 Nxd5 15. Rxd5 Nf6 16. Bg5 h6 17. Bxf6 Qxf6 18. Rad1 Bb8 19. Qa4 Rf8 20. Qb4 Be6 21. R5d2 b5 22. a4 bxa4 23. Qxa4 g5 24. Qc6 Ba7 25. Qd6 Rfe8 26. Bxa6 g4 27. Qxe5 Qxe5 28. Nxe5 Bb8 29. Nd7 Bxd7 30. Bb7 Ba4 31. Bxa8 Bxd1 32. Rxd1 Be5 33. Bd5 Bxb2 34. Rb1 Rb8 35. g3 Kg7 36. Kg2 Kg6 37. h3 h5 38. hxg4 hxg4 39. f4 gxf3+ 40. Kxf3 1/2-1/2

[Event "BL2-West 1920"]
[Site "Germany"]
[Date "2019.10.20"]
[Round "2.6"]
[White "Gulbas, Cemil"]
[Black "Mainka, Romuald"]
[Result "1/2-1/2"]
[WhiteElo "2364"]
[BlackElo "2390"]
[PlyCount "42"]
[EventDate "2019.09.19"]
[EventType "team-tourn"]
[EventRounds "9"]
[EventCountry "GER"]
[SourceTitle "EXT 2023"]
[Source "ChessBase"]
[SourceDate "2022.10.05"]
[SourceVersion "1"]
[SourceVersionDate "2022.10.05"]
[SourceQuality "1"]
[WhiteTeam "Aachen DJK"]
[BlackTeam "Remagen Sinzig"]
[WhiteTeamCountry "GER"]
[BlackTeamCountry "GER"]

1. e4 c5 2. Nf3 e6 3. d4 cxd4 4. Nxd4 Nc6 5. Nc3 Qc7 6. Be3 a6 7. Qd2 Nf6 8. 0-0-0 Bb4 9. f3 Ne7 10. Nde2 d5 11. e5 Nd7 12. f4 b5 13. Kb1 Ba5 14. Nd4 Bxc3 15. Qxc3 Qxc3 16. bxc3 Rb8 17. Nb3 Nb6 18. Nc5 Nc6 19. Bd4 0-0 20. Be2 Re8 21. Rhf1 Re7 1/2-1/2

[Event "TUR-chT"]
[Site "Konya"]
[Date "2019.07.28"]
[Round "13.1"]
[White "Tarlabasi, Emirhan"]
[Black "Gulbas, Cemil"]
[Result "1-0"]
[WhiteElo "2352"]
[BlackElo "2380"]
[PlyCount "61"]
[EventDate "2019.07.17"]
[EventType "team-tourn"]
[EventRounds "13"]
[EventCountry "TUR"]
[SourceTitle "CBM 191 Extra"]
[Source "ChessBase"]
[SourceDate "2019.09.30"]
[SourceVersion "1"]
[SourceVersionDate "2019.09.30"]
[SourceQuality "1"]
[WhiteTeam "Tas Duvar"]
[BlackTeam "Ordu Buyuksehir Belediye"]
[WhiteTeamCountry "TUR"]
[BlackTeamCountry "TUR"]

1. d4 Nf6 2. c4 c5 3. d5 b5 4. cxb5 a6 5. bxa6 e6 6. dxe6 fxe6 7. Nd2 d5 8. e4 Be7 9. Bb5+ Bd7 10. Bd3 Nxa6 11. e5 Nb4 12. Bb1 Ng8 13. Ne2 Nh6 14. Nf3 Nf7 15. 0-0 Qc7 16. Re1 g5 17. h3 0-0-0 18. Nc3 Bc6 19. a3 d4 20. axb4 dxc3 21. Qb3 Rd5 22. b5 cxb2 23. Bxb2 Bb7 24. b6 c4 25. bxc7 cxb3 26. Be4 Rd7 27. Bxb7+ Kxb7 28. Re3 Rxc7 29. Rxb3+ Kc8 30. Nd4 Nd8 31. Nxe6 1-0

[Event "TUR-chT"]
[Site "Konya"]
[Date "2019.07.26"]
[Round "11.1"]
[White "Safarli, Eltaj"]
[Black "Gulbas, Cemil"]
[Result "1-0"]
[WhiteElo "2608"]
[BlackElo "2380"]
[PlyCount "45"]
[EventDate "2019.07.17"]
[EventType "team-tourn"]
[EventRounds "13"]
[EventCountry "TUR"]
[SourceTitle "CBM 191 Extra"]
[Source "ChessBase"]
[SourceDate "2019.09.30"]
[SourceVersion "1"]
[SourceVersionDate "2019.09.30"]
[SourceQuality "1"]
[WhiteTeam "Besiktas Jimnastik"]
[BlackTeam "Ordu Buyuksehir Belediye"]
[WhiteTeamCountry "TUR"]
[BlackTeamCountry "TUR"]

1. e4 d6 2. d4 Nf6 3. Nc3 g6 4. Bg5 Bg7 5. Qd2 h6 6. Bh4 Nbd7 7. 0-0-0 g5 8. Bg3 Nh5 9. Qe3 c5 10. dxc5 Nxg3 11. hxg3 Nxc5 12. e5 Bxe5 13. Nf3 Bg7 14. Bb5+ Kf8 15. Qxc5 Qa5 16. Qe3 Be6 17. a3 a6 18. Be2 Rc8 19. Nd4 Bd7 20. Bf3 b5 21. Nd5 Qd8 22. Nb6 Rc5 23. Ne6+ 1-0

[Event "TUR-chT"]
[Site "Konya"]
[Date "2019.07.25"]
[Round "9.1"]
[White "Kerigan, Demre"]
[Black "Gulbas, Cemil"]
[Result "0-1"]
[WhiteElo "2398"]
[BlackElo "2380"]
[PlyCount "62"]
[EventDate "2019.07.17"]
[EventType "team-tourn"]
[EventRounds "13"]
[EventCountry "TUR"]
[SourceTitle "CBM 191 Extra"]
[Source "ChessBase"]
[SourceDate "2019.09.30"]
[SourceVersion "1"]
[SourceVersionDate "2019.09.30"]
[SourceQuality "1"]
[WhiteTeam "Tarsus Zeka"]
[BlackTeam "Ordu Buyuksehir Belediye"]
[WhiteTeamCountry "TUR"]
[BlackTeamCountry "TUR"]

1. e4 c6 2. d4 d5 3. e5 Bf5 4. Nf3 e6 5. Be2 c5 6. dxc5 Bxc5 7. Nbd2 Ne7 8. Nb3 Bb6 9. Nfd4 Nbc6 10. Bf4 0-0 11. Nxf5 Nxf5 12. Bd3 Bc7 13. Qe2 Nfe7 14. Bg3 Nb4 15. 0-0 Nxd3 16. Qxd3 Nf5 17. Rfe1 Bb6 18. a4 a6 19. a5 Ba7 20. Ra4 Rc8 21. Rb4 Rc7 22. c3 Qe7 23. Rf4 Rc6 24. Nd4 Bxd4 25. Rxf5 exf5 26. Qxd4 Qc5 27. Qf4 Qxa5 28. Qxf5 d4 29. b4 Qb5 30. cxd4 Qxb4 31. Qe4 Rd8 0-1

[Event "TUR-chT"]
[Site "Konya"]
[Date "2019.07.23"]
[Round "7.1"]
[White "Heberla, Bartlomiej"]
[Black "Gulbas, Cemil"]
[Result "1-0"]
[WhiteElo "2534"]
[BlackElo "2380"]
[PlyCount "39"]
[EventDate "2019.07.17"]
[EventType "team-tourn"]
[EventRounds "13"]
[EventCountry "TUR"]
[SourceTitle "CBM 191 Extra"]
[Source "ChessBase"]
[SourceDate "2019.09.30"]
[SourceVersion "1"]
[SourceVersionDate "2019.09.30"]
[SourceQuality "1"]
[WhiteTeam "Turk Hava Yollari"]
[BlackTeam "Ordu Buyuksehir Belediye"]
[WhiteTeamCountry "TUR"]
[BlackTeamCountry "TUR"]

1. d4 Nf6 2. c4 c5 3. d5 b5 4. Qc2 g6 5. e4 Bg7 6. Nf3 0-0 7. cxb5 a6 8. Nc3 d6 9. a4 e6 10. dxe6 fxe6 11. Bg5 Qa5 12. Bd2 Qd8 13. e5 Nd5 14. exd6 Nb4 15. Qe4 Ra7 16. Bc4 Qxd6 17. 0-0 Rxf3 18. Qxf3 Qxd2 19. Rad1 Qg5 20. Qg3 1-0

[Event "TUR-chT"]
[Site "Konya"]
[Date "2019.07.21"]
[Round "6.1"]
[White "Gulbas, Cemil"]
[Black "Ertan, Can"]
[Result "1/2-1/2"]
[WhiteElo "2380"]
[BlackElo "2396"]
[PlyCount "115"]
[EventDate "2019.07.17"]
[EventType "team-tourn"]
[EventRounds "13"]
[EventCountry "TUR"]
[SourceTitle "CBM 191 Extra"]
[Source "ChessBase"]
[SourceDate "2019.09.30"]
[SourceVersion "1"]
[SourceVersionDate "2019.09.30"]
[SourceQuality "1"]
[WhiteTeam "Ordu Buyuksehir Belediye"]
[BlackTeam "Karaman Belediye"]
[WhiteTeamCountry "TUR"]
[BlackTeamCountry "TUR"]

1. e4 e5 2. Nf3 Nc6 3. Bc4 Bc5 4. c3 Nf6 5. d3 0-0 6. Bg5 d6 7. Bb3 h6 8. Bh4 a6 9. Nbd2 Be6 10. Nf1 g5 11. Bg3 d5 12. Qe2 dxe4 13. dxe4 Bxb3 14. axb3 Qd6 15. h4 g4 16. N3d2 Rad8 17. h5 Kh7 18. Bh4 Rd7 19. Nc4 Qe6 20. Bxf6 Qxf6 21. Nce3 Rg8 22. Rd1 Rxd1+ 23. Kxd1 Qf4 24. Ng3 Rd8+ 25. Kc2 Ne7 26. Rf1 Rd6 27. b4 Ba7 28. Nef5 Nxf5 29. Nxf5 Rd7 30. f3 gxf3 31. Rxf3 Qg5 32. Rg3 Qf4 33. Kb3 c5 34. bxc5 Bxc5 35. Rg7+ Kh8 36. Qc4 Qf2 37. Ka2 b5 38. Qb3 Qxf5 39. exf5 Kxg7 40. Qc2 Rd6 41. Qe4 Kf6 42. g4 Bb6 43. g5+ Kxg5 44. Qxe5 Rf6 45. Qb8 Bf2 46. Qd8 Bh4 47. b3 Kxh5 48. c4 Rxf5 49. Qd1+ Kg6 50. c5 Bg3 51. Qd3 Be5 52. c6 h5 53. Kb1 f6 54. Qc2 Bc7 55. Qe4 Be5 56. Qc2 Bc7 57. Qe4 Be5 58. Qc2 1/2-1/2

[Event "TUR-chT"]
[Site "Konya"]
[Date "2019.07.18"]
[Round "2.1"]
[White "Gulbas, Cemil"]
[Black "Yaran, Siar"]
[Result "1/2-1/2"]
[WhiteElo "2380"]
[BlackElo "2197"]
[PlyCount "89"]
[EventDate "2019.07.17"]
[EventType "team-tourn"]
[EventRounds "13"]
[EventCountry "TUR"]
[SourceTitle "CBM 191 Extra"]
[Source "ChessBase"]
[SourceDate "2019.09.30"]
[SourceVersion "1"]
[SourceVersionDate "2019.09.30"]
[SourceQuality "1"]
[WhiteTeam "Ordu Buyuksehir Belediye"]
[BlackTeam "Kahramanmaras Buyuksehir"]
[WhiteTeamCountry "TUR"]
[BlackTeamCountry "TUR"]

1. Nf3 Nf6 2. c4 e6 3. g3 d5 4. Bg2 Be7 5. 0-0 0-0 6. d4 dxc4 7. Qc2 a6 8. Qxc4 b5 9. Qc2 Bb7 10. Bd2 Ra7 11. Rc1 Be4 12. Qb3 Nc6 13. e3 Qa8 14. Nc3 Bxf3 15. Bxf3 Nxd4 16. exd4 Qxf3 17. Nxb5 Qxb3 18. axb3 Rb7 19. Rxc7 Rxb5 20. Rxe7 Rxb3 21. Bc3 Ra8 22. Rc7 h6 23. Rc6 a5 24. Ra4 Nd5 25. Rc5 Kh7 26. Kf1 Kg6 27. Ke2 Rab8 28. Raxa5 Rxb2+ 29. Bxb2 Rxb2+ 30. Kf3 Rb3+ 31. Kg2 Rb4 32. Rxd5 exd5 33. Rxd5 Kf6 34. Kf3 Ke6 35. Ke4 Rb1 36. Re5+ Kd6 37. Ra5 Re1+ 38. Kf3 Rd1 39. Ke3 Re1+ 40. Kd2 Rb1 41. Ra7 Ke6 42. Ra6+ Kd5 43. Ra7 Ke6 44. Ra6+ Kd5 45. Ra7 1/2-1/2

[Event "Istanbul Galatasaray blitz"]
[Site "Istanbul"]
[Date "2019.03.24"]
[Round "5"]
[White "Arat, Ufuk Sezen"]
[Black "Gulbas, Cemil"]
[Result "1-0"]
[WhiteElo "2368"]
[BlackElo "2404"]
[PlyCount "87"]
[EventDate "2019.03.24"]
[EventType "tourn (blitz)"]
[EventRounds "18"]
[EventCountry "TUR"]
[EventCategory "7"]
[SourceTitle "CBM 189 Extra"]
[Source "ChessBase"]
[SourceDate "2019.05.31"]
[SourceVersion "1"]
[SourceVersionDate "2019.05.31"]
[SourceQuality "1"]

1. d4 d5 2. c4 c6 3. Nf3 Nf6 4. e3 Bf5 5. Nc3 e6 6. Nh4 Be4 7. f3 Bg6 8. Qb3 Qc7 9. Bd2 Nbd7 10. Rc1 Rc8 11. g3 Qb8 12. Nxg6 hxg6 13. Kf2 Bd6 14. Kg2 0-0 15. cxd5 exd5 16. Bd3 Rfd8 17. e4 Bf8 18. e5 Ne8 19. f4 Nc7 20. f5 gxf5 21. Bxf5 Ne6 22. Ne2 Nb6 23. Ba5 Qc7 24. Qd3 Qe7 25. Rhf1 Re8 26. b3 c5 27. Bxb6 axb6 28. Nf4 Nxd4 29. Bxc8 Rxc8 30. Nxd5 Qxe5 31. Nxb6 Rc6 32. Rce1 Qh5 33. Nc4 Rh6 34. h4 Rg6 35. Ne5 Re6 36. Nf3 Rd6 37. Nxd4 Rxd4 38. Qf3 Qg6 39. h5 Qc6 40. Qxc6 bxc6 41. Rd1 Rb4 42. Rf4 Rb8 43. Rd7 f6 44. h6 1-0

[Event "Istanbul Galatasaray blitz"]
[Site "Istanbul"]
[Date "2019.03.24"]
[Round "16"]
[White "Gulbas, Cemil"]
[Black "Dastan, Batuhan Muhammed"]
[Result "0-1"]
[WhiteElo "2404"]
[BlackElo "2561"]
[PlyCount "102"]
[EventDate "2019.03.24"]
[EventType "tourn (blitz)"]
[EventRounds "18"]
[EventCountry "TUR"]
[EventCategory "7"]
[SourceTitle "CBM 189 Extra"]
[Source "ChessBase"]
[SourceDate "2019.05.31"]
[SourceVersion "1"]
[SourceVersionDate "2019.05.31"]
[SourceQuality "1"]

1. e4 c5 2. Nf3 d6 3. d4 cxd4 4. Nxd4 Nf6 5. Nc3 a6 6. Be3 Ng4 7. Bc1 Nf6 8. f3 e6 9. Be3 b5 10. Qd2 b4 11. Nce2 e5 12. Nb3 a5 13. c4 Be6 14. Ng3 Nc6 15. Qf2 a4 16. Nd2 Nd7 17. Be2 g6 18. h4 h5 19. 0-0-0 Bg7 20. Kb1 Qe7 21. Ngf1 Nc5 22. Bxc5 dxc5 23. Ne3 Nd4 24. Nd5 Qd6 25. Bd3 a3 26. b3 0-0-0 27. Nf1 f5 28. Nfe3 Kb8 29. Nc2 Nc6 30. Qg3 Bc8 31. exf5 gxf5 32. Qxg7 Rdg8 33. Qf6 Qxf6 34. Nxf6 Rxg2 35. Rdg1 Rd2 36. Rd1 Rf2 37. Rhf1 Rh2 38. Nd5 Rxh4 39. Nb6 Be6 40. Ne3 Nd4 41. Na4 Rc8 42. Rh1 Nxf3 43. Bxf5 Bxf5+ 44. Nxf5 Rxh1 45. Rxh1 h4 46. Kc2 e4 47. Nd6 Nd4+ 48. Kb1 Rg8 49. Nxc5 h3 50. Ncxe4 h2 51. Nf2 Rg1+ 0-1

[Event "Istanbul Galatasaray blitz"]
[Site "Istanbul"]
[Date "2019.03.24"]
[Round "18"]
[White "Gulbas, Cemil"]
[Black "Ozturk Orenli, Kubra"]
[Result "0-1"]
[WhiteElo "2404"]
[BlackElo "2344"]
[PlyCount "76"]
[EventDate "2019.03.24"]
[EventType "tourn (blitz)"]
[EventRounds "18"]
[EventCountry "TUR"]
[EventCategory "7"]
[SourceTitle "CBM 189 Extra"]
[Source "ChessBase"]
[SourceDate "2019.05.31"]
[SourceVersion "1"]
[SourceVersionDate "2019.05.31"]
[SourceQuality "1"]

1. e4 e5 2. Nf3 Nc6 3. Bc4 Bc5 4. c3 Nf6 5. d3 0-0 6. Bb3 h6 7. Nbd2 d6 8. h3 Nh5 9. Nf1 Qf6 10. g3 Be6 11. Be3 Rad8 12. Nh4 g6 13. Qe2 Kh7 14. 0-0-0 a5 15. Kb1 b5 16. Bxc5 dxc5 17. Ne3 a4 18. Bxe6 Qxe6 19. Nhg2 b4 20. f4 bxc3 21. f5 Qe7 22. bxc3 Nxg3 23. Qe1 Nxh1 24. Qxh1 Rb8+ 25. Ka1 a3 26. Nc4 Rb7 27. Nge3 Rfb8 28. fxg6+ fxg6 29. Qg2 Qg5 30. Qf2 Qf4 31. Qg2 Rb2 32. Qg1 Rf2 33. Nd5 Qh2 34. Qxh2 Rxh2 35. Nxa3 Ra8 36. Nc4 Raxa2+ 37. Kb1 Na5 38. Nxe5 Rab2+ 0-1

[Event "Istanbul Galatasaray blitz"]
[Site "Istanbul"]
[Date "2019.03.24"]
[Round "12"]
[White "Gulbas, Cemil"]
[Black "Yurtseven, Melih"]
[Result "0-1"]
[WhiteElo "2404"]
[BlackElo "2390"]
[PlyCount "63"]
[EventDate "2019.03.24"]
[EventType "tourn (blitz)"]
[EventRounds "18"]
[EventCountry "TUR"]
[EventCategory "7"]
[SourceTitle "CBM 189 Extra"]
[Source "ChessBase"]
[SourceDate "2019.05.31"]
[SourceVersion "1"]
[SourceVersionDate "2019.05.31"]
[SourceQuality "1"]

1. e4 c6 2. d4 d5 3. e5 Bf5 4. Nc3 e6 5. g4 Bg6 6. Nge2 h6 7. Be3 Nd7 8. Qd2 Ne7 9. f4 Bh7 10. 0-0-0 b5 11. Ng3 Nb6 12. b3 a5 13. Bd3 Bxd3 14. Qxd3 a4 15. Kb1 Qd7 16. f5 g6 17. fxe6 Qxe6 18. Rhf1 Bg7 19. Qd2 Qxg4 20. Nce2 g5 21. Qb4 Qe6 22. Nh5 0-0 23. h4 axb3 24. axb3 Nc4 25. Bc1 c5 26. Qxb5 Rfb8 27. Qxb8+ Rxb8 28. hxg5 hxg5 29. Nf6+ Kf8 30. Bxg5 Ng6 31. Rh1 Qa6 32. dxc5 0-1